000 00642nam a2200253Ia 4500
003 OSt
005 20220924153627.0
006 a|||||r|||| 00| 0
007 ta
008 220923b |||||||| |||| 00| 0 tam d
020 _c14.00
024 _a351035
037 _cTextual
040 _aARTS
_cARTS
_btam
041 _2tam
_atam
082 _aY73(Q7):1, 31P5
100 _aShukry M A M Au.
_9229412
245 0 _aIslamiyap panpattu mathaiya nilayangal
260 _c2005
300 _a40p.
_ccm.
650 _aSOCIOLOGY
942 _hY73(Q7):1, 31P5
_cTEXL
_2CC
999 _c474288
_d474288